Quiz o Paryżu - Statystyki

Ogólne statystyki
  • Ten quiz został rozwiązany 1 198 razy
  • Średni wynik to 12 z 28
Statystyki odpowiedzi
Wskazówka Odpowiedź % Poprawnych
Główna rzeka Sekwana
90%
Pomnik na końcu powyższej ulicy Łuk {Triumfalny}
83%
Najsłynniejsze muzeum sztuki Luwr
82%
Najbardziej popularny obraz Leonarda da Vinci Mona Lisa
78%
Luksusowa marka stworzona przez Coco Chanel
72%
Sposób wykonania egzekucji Gilotyna
59%
Rezydencja „Króla Słońca” Wersal
54%
Najbardziej popularna budowla Wieża Eiffel'a
49%
Paryż posiada 20 takich okręgów miejskich Dzielnice
46%
Rok zdobycia Bastylii 14 lipca {1789}
43%
Największe lotnisko Port lotniczy {Paryż-Roissy-Charles de Gaulle}
42%
Najsłynniejsza ulica {Champs}-Élysées
40%
Najbardziej popularna nazwa Miasto {świateł}
39%
Inna nazwa French Open Roland-Garros
39%
„Nieprzekupny” rewolucjonista Maksymilian {Robespierre}
38%
Autor książki pt. „Nędznicy” Victor Hugo
36%
Kabaret i film muzyczny z 2001 roku Moulin Rouge
33%
Pomnik bez ramion Wenus z Milo
32%
Francuski region, w którym znajduje się Paryż Île-de-France
30%
Biała bazylika na Montmartre Bazylika {Sacré-Cœur}
25%
Hasło wolności słowa z roku 2015 Je suis {Charlie}
25%
Bitwa I wojny światowej tocząca się pod Paryżem Bitwa nad {Marną}
23%
Dzielnica biznesowa La {Défense}
22%
Rzeźbiarz „Myśliciela” Auguste Rodin
19%
Rzymska nazwa Paryża Lutecja
17%
Najlepiej sprzedająca się gazeta Le Parisien
16%
Indeks giełdowy {CAC} 40
11%
Największy publiczny park Lasek {Vincennes}
10%
Nie znaleziono quizów pasujących do podanych kryteriów
Rozkład punktacji
Procent ludzi z każdym wynikiem
Percentyl według liczby udzielonych odpowiedzi
Twoja historia wyników
Nie rozwiązałeś tego quizu